header

The Hunt in ancient Greece (Record no. 10321)

MARC details
000 -LEADER
fixed length control field 01341nam a2200325Ia 4500
082 04 - DEWEY DECIMAL CLASSIFICATION NUMBER
Classification number 799.2938
100 1# - MAIN ENTRY--AUTHOR NAME
Personal name Barringer, Judith M.,
245 14 - TITLE STATEMENT
Title The Hunt in ancient Greece
260 ## - PUBLICATION, DISTRIBUTION, ETC. (IMPRINT)
Place of publication Baltimore :
Name of publisher Johns Hopkins University Press,
Year of publication c2001.
300 ## - PHYSICAL DESCRIPTION
Number of Pages xiii, 296 p. :
Other physical details ill.
505 0# - FORMATTED CONTENTS NOTE
Formatted contents note Hunting, battle, and aristocrats -- Eros and the hunt -- Hunting and myth -- Hunting and the funerary realm.
650 #0 - SUBJECT ADDED ENTRY--TOPICAL TERM
Topical Term Hunting
856 40 - ELECTRONIC LOCATION AND ACCESS
Uniform Resource Identifier http://site.ebrary.com/lib/rucke/Doc?id=10021627

No items available.

© 2026 Rongo University
Contact us: librarian | system librarian | Rongo university